El traspaso de la justicia nacional a la justicia de la ciudad autónoma de Buenos Aires a veinte años de la Constitución de la Ciudad (Registro nro. 31299)

Detalles MARC
000 -LEADER
fixed length control field 00422 a2200109 4500
001 - CONTROL NUMBER
control field ART_41456
005 - DATE AND TIME OF LATEST TRANSACTION
control field 20260410162001.0
008 - FIXED-LENGTH DATA ELEMENTS--GENERAL INFORMATION
fixed length control field 260409a
100 1# - MAIN ENTRY--PERSONAL NAME
Personal name Basterra, Marcela I.
245 10 - TITLE STATEMENT
Title El traspaso de la justicia nacional a la justicia de la ciudad autónoma de Buenos Aires a veinte años de la Constitución de la Ciudad
773 0# - HOST ITEM ENTRY
Title Pensar en derecho
Related parts - Año 5, Nº 8 (ago. 2016)
Record control number REV28996

No hay ítems disponibles.